| 000 | 00472nam a2200121Ia 4500 | ||
|---|---|---|---|
| 008 | 220216s9999 xx 000 0 und d | ||
| 100 | _aPerera Ranjith | ||
| 245 | 0 | _aBrokers role in the marketing of Sri Lanka rubber | |
| 260 | _bProceedings of the International Rubber Conference, Colombo, 1984, V1. Part 1; p19-46Proceedings of the International Rubber Conference, Colombo, 1984, V1. Part 2; p583-587 | ||
| 650 | _aRubber marketing | ||
| 650 | _aSri Lanka | ||
| 942 | _cJS | ||
| 999 |
_c54973 _d54973 |
||